Statistics for History by Letter - U

Click here to take the quiz!

General Stats

  • This quiz has been taken 30,592 times
  • The average score is 11 of 18

Answer Stats

Hint Answer % Correct
Country that declared itself
independent in 1776
United States
95%
Country formed by the merger of
Britain and Ireland in 1801
United Kingdom
90%
Perfect society envisioned
by Thomas More
Utopia
87%
He wants YOU for U.S. ArmyUncle Sam
83%
German military submarineU-Boat
80%
Country ruled by Idi AminUganda
80%
Destination of Mormon pioneersUtah
75%
Army that wore blue in the
U.S. Civil War
Union Army
73%
Nickname of mail bomber
Ted Kaczynski
Unabomber
60%
Escape route for American slavesUnderground Railroad
59%
James Joyce novel once
considered obscene
Ulysses
55%
Anti-slavery novel
by Harriet Beecher Stowe
Uncle Tom's Cabin
53%
Name of 8 popesUrban
40%
Netherlands city important in
the Middle Ages
Utrecht
40%
Friendly nickname of Joseph StalinUncle Joe
39%
The world's first of these opened
in Bologna in 1088
University
36%
Phoenician colony and namesake
of a city in New York
Utica
30%
Largest of the Muslim empires{Umayyad} Caliphate
18%

Score Distribution

Percentile by Number Answered

Percent of People with Each Score

Your Score History

You have not taken this quiz